| 000 | 01306nam0a22002651 4500 | ||
|---|---|---|---|
| 001 | rc\2334837 | ||
| 005 | 20260406200941.0 | ||
| 035 | _a(NLR Aleph) 006473750 | ||
| 090 |
_a5962052 _c5962052 |
||
| 100 | _a20110829d1977 |||y0rusy50 ca | ||
| 101 | 0 | _arus | |
| 102 | _aRU | ||
| 105 | _ay z ||||| | ||
| 200 | 1 |
_aРоль социалистического соревнования в повышении эффективности производства _e(Метод. рекомендации в помощь лектору и пропагандисту) _fДонец. обл. орг. о-ва "Знание" УССР, Ин-т экономики пром-сти АН УССР _g[Разраб. к. э. н. М.С. Лангштейн, Б.А. Сорокин] |
|
| 210 |
_aДонецк _cДонец. обл. орг. о-ва "Знание" _d1977 |
||
| 215 |
_a20 с. _d20 |
||
| 320 | _aБиблиогр.: с. 19-20 | ||
| 702 | 1 |
_aЛангштейн _bМ.С. _gМарк Соломонович _4570 |
|
| 702 | 1 |
_aСорокин _bБ.А. _4570 |
|
| 712 | 0 | 2 |
_a"Знание", общество УССР _cКиев _bДонецкое областное отделение _3RU\NLR\AUTH\889960537 _9417354 |
| 801 | 0 |
_aRU _bNLR _gpsbo |
|
| 801 | 1 |
_aRU _bELAR _2rusmarc |
|
| 852 |
_aNLR _j79-4/24867 |
||
| 942 | _cBOOK | ||
| 980 | _aNB | ||